[Event "EU-Cup 34th"]
[Site "Porto Carras"]
[Date "2018.10.13"]
[Round "2.5"]
[White "Mikhalevski, Victor"]
[Black "Schiendorfer, Emanuel"]
[Result "1-0"]
[WhiteElo "2565"]
[BlackElo "2310"]
[PlyCount "79"]
[EventDate "2018.10.12"]
[EventType "team-swiss"]
[EventRounds "7"]
[EventCountry "GRE"]
[SourceTitle "CBM 187"]
[Source "ChessBase"]
[SourceDate "2018.12.11"]
[SourceVersion "1"]
[SourceVersionDate "2018.12.11"]
[SourceQuality "1"]
[WhiteTeam "Beer Sheva"]
[BlackTeam "Winterthur"]
[WhiteTeamCountry "ISR"]
[BlackTeamCountry "SUI"]

1. Nf3 d5 2. c4 e6 3. g3 Nf6 4. Bg2 d4 5. 0-0 c5 6. e3 Nc6 7. exd4 cxd4 8. d3 Bd6 9. Na3 0-0 10. Nc2 e5 11. b4 Re8 12. c5 Bc7 13. Bg5 h6 14. Bxf6 Qxf6 15. Nd2 Qg6 16. b5 Ne7 17. Nc4 Be6 18. Re1 Bxc4 19. dxc4 Ba5 20. Re4 Rac8 21. Ne1 Qe6 22. Nd3 Bc3 23. Rxe5 Qxc4 24. Rb1 Ng6 25. Rh5 Rcd8 26. Bxb7 Re7 27. Bg2 Qxa2 28. b6 axb6 29. cxb6 Re2 30. Bf1 Rd2 31. Qb3 Qxb3 32. Rxb3 Ne7 33. Rc5 Rb8 34. b7 f6 35. Rc7 Kf7 36. Nc5 Ba5 37. Rxe7+ Kxe7 38. Na6 Rd8 39. b8Q Rxb8 40. Rxb8 1-0

[Event "Bodensee-Cup"]
[Site "St Ingbert"]
[Date "2018.05.06"]
[Round "3"]
[White "Schiendorfer, Emanuel"]
[Black "Schnepp, Gunnar"]
[Result "1/2-1/2"]
[WhiteElo "2313"]
[BlackElo "2332"]
[PlyCount "36"]
[EventDate "2018.08.20"]
[EventType "team-tourn"]
[EventRounds "3"]
[EventCountry "GER"]
[SourceTitle "EXT 2020"]
[Source "ChessBase"]
[SourceDate "2019.10.17"]
[SourceVersion "1"]
[SourceVersionDate "2019.10.17"]
[SourceQuality "1"]
[WhiteTeam "Switzerland"]
[BlackTeam "Wuerttemberg"]
[WhiteTeamCountry "SUI"]
[BlackTeamCountry "GER"]

1. d4 Nf6 2. c4 c5 3. d5 b5 4. Qc2 bxc4 5. e4 g6 6. Bxc4 Bb7 7. Nc3 Bg7 8. Nf3 0-0 9. e5 Ne8 10. 0-0 d6 11. Bf4 Nd7 12. Rfe1 Nb6 13. b3 dxe5 14. Bxe5 Nc7 15. Rad1 Ncxd5 16. Nxd5 Nxd5 17. Bxd5 Bxd5 18. Qxc5 e6 1/2-1/2

[Event "SUI-chT"]
[Site "Switzerland"]
[Date "2015.10.11"]
[Round "9.6"]
[White "Wagner, Christian"]
[Black "Schiendorfer, Emanuel"]
[Result "1-0"]
[WhiteElo "2224"]
[BlackElo "2341"]
[PlyCount "93"]
[EventDate "2015.03.29"]
[EventType "team-tourn"]
[EventRounds "9"]
[EventCountry "SUI"]
[SourceTitle "EXT 2017"]
[Source "ChessBase"]
[SourceDate "2016.10.25"]
[SourceVersion "1"]
[SourceVersionDate "2016.10.25"]
[SourceQuality "1"]
[WhiteTeam "Reti"]
[BlackTeam "Winterthur"]
[WhiteTeamCountry "SUI"]
[BlackTeamCountry "SUI"]

1. d4 d5 2. c4 e6 3. Nf3 Nf6 4. Bg5 Be7 5. e3 0-0 6. Nc3 Nbd7 7. Rc1 c6 8. Be2 dxc4 9. Bxc4 Nd5 10. Bxe7 Qxe7 11. 0-0 b6 12. Ne2 N5f6 13. Ng3 Bb7 14. e4 c5 15. d5 exd5 16. exd5 Ne5 17. Re1 Nxf3+ 18. Qxf3 Qd7 19. Nf5 Rfe8 20. Qf4 g6 21. Nd6 Rxe1+ 22. Rxe1 Nh5 23. Qe5 Ng7 24. Bb5 Qc7 25. Nxb7 Qxb7 26. Bc6 Qc8 27. Bxa8 Qxa8 28. Qd6 Qc8 29. h3 h5 30. Qf6 Qd7 31. Qc6 Qd8 32. d6 Ne6 33. d7 Kf8 34. Qd6+ Kg7 35. Re3 h4 36. Rf3 Qg5 37. Qb8 Qd5 38. Qe8 Qd1+ 39. Kh2 Qd6+ 40. g3 hxg3+ 41. fxg3 Qd2+ 42. Kh1 Qe1+ 43. Kg2 Qd2+ 44. Rf2 Qd5+ 45. Kh2 f5 46. Qe7+ Kh6 47. Qxe6 1-0

[Event "SUI-chT"]
[Site "Switzerland"]
[Date "2014.06.29"]
[Round "5.7"]
[White "Salvetti, Alec"]
[Black "Schiendorfer, Emanuel"]
[Result "1-0"]
[WhiteElo "2253"]
[BlackElo "2341"]
[PlyCount "101"]
[EventDate "2014.03.16"]
[EventType "team-tourn"]
[EventRounds "9"]
[EventCountry "SUI"]
[SourceTitle "EXT 2015"]
[Source "ChessBase"]
[SourceDate "2014.11.20"]
[SourceVersion "1"]
[SourceVersionDate "2014.11.20"]
[SourceQuality "1"]
[WhiteTeam "Mendrisio"]
[BlackTeam "Winterthur"]
[WhiteTeamCountry "SUI"]
[BlackTeamCountry "SUI"]

1. c4 e5 2. g3 Nf6 3. Bg2 Nc6 4. Nf3 Bc5 5. Nc3 a6 6. 0-0 d6 7. d3 h6 8. a3 0-0 9. b4 Ba7 10. Bb2 Ne7 11. Rc1 Ng6 12. e3 Re8 13. d4 e4 14. Nd2 Bf5 15. h3 h5 16. Nd5 c6 17. Nxf6+ Qxf6 18. Qxh5 d5 19. cxd5 cxd5 20. Nb3 b6 21. f4 exf3 22. Rxf3 Ne7 23. g4 Bg6 24. Rxf6 Bxh5 25. Rd6 Bg6 26. Kf2 Rac8 27. Rd7 Rxc1 28. Bxc1 Bb8 29. Rb7 Bc2 30. Na1 Bd3 31. Rxb6 f5 32. Bf1 Be4 33. Be2 Rf8 34. g5 f4 35. exf4 Ba7 36. Rb7 Bxd4+ 37. Ke1 Ng6 38. Nb3 Bc3+ 39. Bd2 Bb2 40. Nc5 Nxf4 41. Nxe4 Nxe2 42. Kxe2 dxe4 43. g6 Rf6 44. Rb8+ Rf8 45. Rxf8+ Kxf8 46. a4 Ke7 47. Ke3 Kf6 48. Kxe4 Kxg6 49. b5 axb5 50. a5 Ba3 51. a6 1-0

[Event "SUI-chT"]
[Site "Switzerland"]
[Date "2014.05.18"]
[Round "3.5"]
[White "Schiendorfer, Emanuel"]
[Black "Curien, Nicolas"]
[Result "1-0"]
[WhiteElo "2341"]
[BlackElo "2211"]
[PlyCount "71"]
[EventDate "2014.03.16"]
[EventType "team-tourn"]
[EventRounds "9"]
[EventCountry "SUI"]
[SourceTitle "EXT 2015"]
[Source "ChessBase"]
[SourceDate "2014.11.20"]
[SourceVersion "1"]
[SourceVersionDate "2014.11.20"]
[SourceQuality "1"]
[WhiteTeam "Winterthur"]
[BlackTeam "Bern Schwarz Weiss"]
[WhiteTeamCountry "SUI"]
[BlackTeamCountry "SUI"]

1. d4 e6 2. Nf3 c5 3. c4 cxd4 4. Nxd4 Nf6 5. Nc3 Bb4 6. Ndb5 0-0 7. a3 Bxc3+ 8. Nxc3 b6 9. Bg5 Bb7 10. e3 h6 11. Bh4 Na6 12. Qd6 Rc8 13. Rd1 Nc5 14. b4 Nce4 15. Nxe4 Bxe4 16. f3 Bh7 17. Be2 Rc6 18. Qd4 d6 19. 0-0 e5 20. Qb2 g5 21. Bf2 Qe7 22. Rd2 Rfc8 23. Rfd1 Ne8 24. e4 f5 25. c5 fxe4 26. Bc4+ Kh8 27. Bd5 exf3 28. Bxc6 Rxc6 29. cxd6 Nxd6 30. b5 Nc4 31. Rd8+ Bg8 32. Qc2 Rc7 33. Qg6 Qg7 34. Rxg8+ Qxg8 35. Qxh6+ Rh7 36. Qf6+ 1-0

[Event "Biel MTO op 46th"]
[Site "Biel"]
[Date "2013.08.01"]
[Round "10"]
[White "Rindlisbacher, Jan"]
[Black "Schiendorfer, Emanuel"]
[Result "1-0"]
[WhiteElo "2219"]
[BlackElo "2392"]
[PlyCount "157"]
[EventDate "2013.07.22"]
[EventType "swiss"]
[EventRounds "11"]
[EventCountry "SUI"]
[SourceTitle "CBM 155 Extra"]
[Source "ChessBase"]
[SourceDate "2013.08.26"]
[SourceVersion "1"]
[SourceVersionDate "2013.08.26"]
[SourceQuality "1"]

1. d4 d5 2. c4 c6 3. Nc3 Nf6 4. Nf3 e6 5. e3 Nbd7 6. Qc2 Bd6 7. g4 h6 8. h3 e5 9. Bd2 e4 10. Nh4 0-0 11. Nf5 Bc7 12. cxd5 cxd5 13. Nb5 Ba5 14. b4 Bb6 15. Rc1 Ne8 16. a4 a6 17. Nc3 Ndf6 18. a5 Bc7 19. Qa2 Be6 20. Be2 Kh7 21. Bd1 g6 22. Ng3 Nd6 23. Bb3 Nb5 24. Nge2 Na7 25. Na4 Rb8 26. Nc5 Kg7 27. Rg1 Nb5 28. Ba4 Nh7 29. Bxb5 axb5 30. Nc3 Ng5 31. Nxb5 Nf3+ 32. Kf1 Bh2 33. Rh1 h5 34. Kg2 hxg4 35. Rxh2 gxh3+ 36. Kh1 Nxh2 37. Kxh2 Bd7 38. Qxd5 Bxb5 39. Qe5+ Qf6 40. Qxf6+ Kxf6 41. Nxe4+ Ke7 42. Rc5 Bd7 43. Re5+ Be6 44. b5 Rfc8 45. Bb4+ Kd7 46. d5 Rc2 47. dxe6+ fxe6 48. Nc5+ Ke7 49. Kxh3 Kf7 50. Kg2 Rb2 51. Re4 Rc8 52. Rf4+ Kg8 53. Nxe6 Re8 54. Ng5 Rxe3 55. a6 bxa6 56. bxa6 Re8 57. a7 Ra2 58. Bc5 Re5 59. Rf8+ Kg7 60. Ne6+ Rxe6 61. a8Q Rxa8 62. Rxa8 Kf6 63. Rb8 Kf5 64. Rb6 Re4 65. Be3 Rg4+ 66. Kf3 Ra4 67. Rb5+ Ke6 68. Bf4 Ra2 69. Kg3 Kf6 70. f3 Kf7 71. Rb7+ Ke6 72. Kg4 Rf2 73. Rb4 Kf7 74. Bg5 Ra2 75. Rb7+ Kg8 76. Bf6 Kf8 77. Kg5 Rg2+ 78. Kh6 Ke8 79. Bg5 1-0

[Event "Biel MTO op 46th"]
[Site "Biel"]
[Date "2013.07.29"]
[Round "7"]
[White "Schiendorfer, Emanuel"]
[Black "Huang, Qian"]
[Result "1/2-1/2"]
[WhiteElo "2392"]
[BlackElo "2487"]
[PlyCount "49"]
[EventDate "2013.07.22"]
[EventType "swiss"]
[EventRounds "11"]
[EventCountry "SUI"]
[SourceTitle "CBM 155 Extra"]
[Source "ChessBase"]
[SourceDate "2013.08.26"]
[SourceVersion "1"]
[SourceVersionDate "2013.08.26"]
[SourceQuality "1"]

1. d4 d6 2. e4 e5 3. Nf3 exd4 4. Nxd4 g6 5. Nc3 Bg7 6. Be3 Nf6 7. Qd2 0-0 8. 0-0-0 a6 9. f3 b5 10. g4 b4 11. Nce2 Nfd7 12. Bh6 Ne5 13. Bxg7 Kxg7 14. h4 c5 15. h5 cxd4 16. hxg6 fxg6 17. Qh6+ Kf7 18. f4 Ke8 19. Qxh7 Qe7 20. fxe5 Qxh7 21. Rxh7 dxe5 22. Bh3 Nc6 23. c3 bxc3 24. bxc3 Be6 25. Rc7 1/2-1/2

[Event "Biel MTO op 46th"]
[Site "Biel"]
[Date "2013.07.27"]
[Round "6"]
[White "Padurariu, Ioana Smaranda"]
[Black "Schiendorfer, Emanuel"]
[Result "0-1"]
[WhiteElo "2208"]
[BlackElo "2392"]
[PlyCount "48"]
[EventDate "2013.07.22"]
[EventType "swiss"]
[EventRounds "11"]
[EventCountry "SUI"]
[SourceTitle "CBM 155 Extra"]
[Source "ChessBase"]
[SourceDate "2013.08.26"]
[SourceVersion "1"]
[SourceVersionDate "2013.08.26"]
[SourceQuality "1"]

1. e4 c5 2. Nf3 d6 3. d4 cxd4 4. Nxd4 Nf6 5. Nc3 Nc6 6. Bg5 g6 7. Bxf6 exf6 8. Bc4 Bg7 9. Ndb5 0-0 10. Qxd6 f5 11. 0-0-0 Qa5 12. Nd5 fxe4 13. Nf6+ Kh8 14. Nxe4 Bf5 15. Ng3 Be6 16. Bxe6 fxe6 17. Na3 Rac8 18. Kb1 Qb6 19. Nc4 Qb5 20. b3 Na5 21. Na3 Qg5 22. Qxe6 Qc5 23. Qd6 Qc3 24. Kc1 Qb2+ 0-1

[Event "SUI-chT"]
[Site "Switzerland"]
[Date "2013.06.23"]
[Round "5.3"]
[White "Schiendorfer, Emanuel"]
[Black "Studer, Noel"]
[Result "1/2-1/2"]
[WhiteElo "2392"]
[BlackElo "2343"]
[PlyCount "101"]
[EventDate "2013.03.17"]
[EventType "team-tourn"]
[EventRounds "9"]
[EventCountry "SUI"]
[SourceTitle "EXT 2014"]
[Source "ChessBase"]
[SourceDate "2013.11.20"]
[SourceVersion "1"]
[SourceVersionDate "2013.11.20"]
[SourceQuality "1"]
[WhiteTeam "Winterthur"]
[BlackTeam "Bern Schwarz Weiss"]
[WhiteTeamCountry "SUI"]
[BlackTeamCountry "SUI"]

1. d4 e6 2. c4 Nf6 3. Nf3 d5 4. Nc3 Bb4 5. Qa4+ Nc6 6. e3 0-0 7. Bd2 dxc4 8. Bxc4 a6 9. Qc2 Bd6 10. Ne4 Nxe4 11. Qxe4 Bd7 12. 0-0 Qf6 13. Bc3 Qh6 14. Qc2 Rae8 15. Rad1 b5 16. Bd3 b4 17. Bd2 e5 18. e4 Qg6 19. dxe5 Nxe5 20. Nxe5 Rxe5 21. Be3 Bb5 22. Bxb5 axb5 23. f3 Rfe8 24. Bf4 Rc5 25. Qd2 Bxf4 26. Qxf4 Qe6 27. Rc1 Qb6 28. Kh1 Rd8 29. Rcd1 Rxd1 30. Rxd1 h6 31. h3 Qc6 32. b3 Rc2 33. Rd5 Qg6 34. Rd2 Rc1+ 35. Kh2 Kh7 36. h4 Qf6 37. Qxf6 gxf6 38. Kg3 Kg7 39. Kf4 c5 40. Rd5 Rc2 41. g3 Rc3 42. Kg4 Rc2 43. Kf5 Rc3 44. Kf4 Rc2 45. Kg4 Rc3 46. Kf4 Rc2 47. h5 Rc3 48. Kg4 Rc2 49. Kf4 Rc3 50. Kg4 Rc2 51. Kf4 1/2-1/2

[Event "Biel MTO op 45th"]
[Site "Biel"]
[Date "2012.07.27"]
[Round "5"]
[White "Schiendorfer, Emanuel"]
[Black "Das, Arghyadip"]
[Result "1/2-1/2"]
[WhiteElo "2355"]
[BlackElo "2485"]
[PlyCount "97"]
[EventDate "2012.07.23"]
[EventType "swiss"]
[EventRounds "11"]
[EventCountry "SUI"]
[SourceTitle "CBM 149 Extra"]
[Source "ChessBase"]
[SourceDate "2012.08.24"]
[SourceVersion "1"]
[SourceVersionDate "2012.08.24"]
[SourceQuality "1"]

1. d4 d5 2. c4 e6 3. Nc3 c6 4. e4 dxe4 5. Nxe4 Bb4+ 6. Bd2 Qxd4 7. Bxb4 Qxe4+ 8. Be2 Na6 9. Bd6 Qxg2 10. Qd2 Nf6 11. Bf3 Qg6 12. Ne2 e5 13. Rg1 Qf5 14. 0-0-0 Be6 15. Qe3 0-0-0 16. Rg5 Qh3 17. Ng3 Qh4 18. b3 Qf4 19. Bxe5 Qxe3+ 20. fxe3 Rxd1+ 21. Bxd1 Ne8 22. Bxg7 Nxg7 23. Rxg7 Nc7 24. Bc2 h5 25. h4 Ne8 26. Rg5 Nf6 27. e4 Kd8 28. e5 Ng4 29. Nxh5 Ne3 30. Be4 Bg4 31. Nf6 Rxh4 32. Kd2 Nf1+ 33. Ke1 Nh2 34. Rg8+ Kc7 35. Ne8+ Kd7 36. Nd6 Nf3+ 37. Bxf3 Bxf3 38. Kf2 Bh5 39. Nxb7 Rh2+ 40. Ke3 Rxa2 41. Nc5+ Kc7 42. Re8 Bg6 43. Re7+ Kd8 44. Rd7+ Kc8 45. Rd6 Kc7 46. Rf6 Bh5 47. Nd3 Re2+ 48. Kd4 Bg6 49. Nf4 1/2-1/2

[Event "Biel MTO op 45th"]
[Site "Biel"]
[Date "2012.07.24"]
[Round "2"]
[White "Shankland, Samuel L"]
[Black "Schiendorfer, Emanuel"]
[Result "1/2-1/2"]
[WhiteElo "2579"]
[BlackElo "2355"]
[PlyCount "69"]
[EventDate "2012.07.23"]
[EventType "swiss"]
[EventRounds "11"]
[EventCountry "SUI"]
[SourceTitle "CBM 149 Extra"]
[Source "ChessBase"]
[SourceDate "2012.08.24"]
[SourceVersion "1"]
[SourceVersionDate "2012.08.24"]
[SourceQuality "1"]

1. c4 c6 2. Nf3 d5 3. e3 Nf6 4. Nc3 e6 5. b3 Bd6 6. Bb2 0-0 7. Qc2 b6 8. cxd5 exd5 9. d4 Re8 10. Bd3 Ba6 11. 0-0 Bxd3 12. Qxd3 Nbd7 13. Rac1 Ne4 14. Rc2 Re6 15. Rfc1 Ng5 16. Nxg5 Qxg5 17. Ne2 Rae8 18. g3 Nb8 19. Kg2 Qh5 20. Nf4 Bxf4 21. exf4 g6 22. a4 a6 23. Ba3 Qf5 24. Qxf5 gxf5 25. Rd2 Kg7 26. a5 b5 27. Rdc2 Kf6 28. Bc5 Nd7 29. Bb6 Rc8 30. f3 Ke7 31. Kf2 Kd6 32. h3 Rh6 33. Kg2 Re6 34. Kf2 Rh6 35. Kg2 1/2-1/2

[Event "Albena Masters op"]
[Site "Albena"]
[Date "2012.05.29"]
[Round "4"]
[White "Schiendorfer, Emanuel"]
[Black "Dimov, Dian"]
[Result "0-1"]
[WhiteElo "2359"]
[BlackElo "2289"]
[PlyCount "158"]
[EventDate "2012.05.26"]
[EventType "swiss"]
[EventRounds "9"]
[EventCountry "BUL"]
[SourceTitle "CBM 148 Extra"]
[Source "ChessBase"]
[SourceDate "2012.06.22"]
[SourceVersion "1"]
[SourceVersionDate "2012.06.22"]
[SourceQuality "1"]

1. d4 g6 2. c4 Bg7 3. Nf3 c5 4. d5 d6 5. e4 Nf6 6. Nc3 0-0 7. h3 e6 8. Bd3 exd5 9. exd5 Re8+ 10. Be3 Nbd7 11. 0-0 Rxe3 12. fxe3 Qe7 13. Qe1 Nh5 14. Qf2 Ne5 15. Be2 Nxf3+ 16. Bxf3 Nf6 17. Qh4 Bd7 18. Rae1 Re8 19. Qf4 h5 20. Qg5 Qf8 21. Bd1 Re5 22. Qg3 Qe7 23. Bc2 Nh7 24. Rf4 Ng5 25. h4 Nh7 26. Qf2 Nf6 27. Bd1 Ng4 28. Bxg4 Bxg4 29. g3 a6 30. Kg2 f5 31. Nb1 Qd8 32. Nd2 Qa5 33. Nf3 Bxf3+ 34. Rxf3 Qxa2 35. Qc2 Qa5 36. Re2 Qd8 37. Rf1 Qe7 38. e4 Bh6 39. Rfe1 f4 40. Qd3 Kh7 41. Rf1 fxg3 42. Qxg3 Bg7 43. Qf4 Qd7 44. Rf3 Re7 45. Ref2 b5 46. b3 bxc4 47. bxc4 a5 48. Ra2 a4 49. Re2 Be5 50. Qg5 Qe8 51. Re1 Bg7 52. Qf4 Qd7 53. Rf2 Qe8 54. Qf3 Qd7 55. Rfe2 Bh6 56. Qg3 Bg7 57. Rf1 Be5 58. Qh3 Qxh3+ 59. Kxh3 a3 60. Rf8 Ra7 61. Ra2 Kg7 62. Rb8 Ra4 63. Rb7+ Kh6 64. Kg2 Rxc4 65. Rxa3 Rxe4 66. Kh3 Bf6 67. Rf7 Rxh4+ 68. Kg3 Rg4+ 69. Kf3 Be5 70. Ra8 Rd4 71. Rd8 Rxd5 72. Rdd7 Kg5 73. Ke2 c4 74. Rc7 c3 75. Rf1 Rd2+ 76. Ke3 Rg2 77. Ke4 Rg3 78. Rh1 Bf4 79. Rc6 Re3+ 0-1

[Event "Albena Masters op"]
[Site "Albena"]
[Date "2012.05.28"]
[Round "3"]
[White "Mgeladze, Tamaz"]
[Black "Schiendorfer, Emanuel"]
[Result "0-1"]
[WhiteElo "2195"]
[BlackElo "2359"]
[PlyCount "70"]
[EventDate "2012.05.26"]
[EventType "swiss"]
[EventRounds "9"]
[EventCountry "BUL"]
[SourceTitle "CBM 148 Extra"]
[Source "ChessBase"]
[SourceDate "2012.06.22"]
[SourceVersion "1"]
[SourceVersionDate "2012.06.22"]
[SourceQuality "1"]

1. c4 c6 2. Nf3 d5 3. g3 Nf6 4. b3 Bg4 5. Bg2 Nbd7 6. Bb2 e6 7. d3 Bd6 8. Nbd2 0-0 9. 0-0 Qe7 10. a3 e5 11. h3 Bh5 12. Nh4 Qe6 13. Ndf3 h6 14. Nh2 Rad8 15. g4 Bg6 16. Nxg6 fxg6 17. cxd5 cxd5 18. e3 e4 19. Qe2 Ne5 20. dxe4 dxe4 21. Bd4 Bb8 22. Rfd1 Nc6 23. Qc4 Nxd4 24. Rxd4 Qxc4 25. bxc4 Be5 26. Rxd8 Rxd8 27. Rb1 b6 28. Nf1 Kf7 29. a4 Ke6 30. Rc1 Bd6 31. Rc2 Bb4 32. Rc1 Ke5 33. Ng3 Bc5 34. Ra1 a5 35. Kf1 Rd2 0-1

[Event "Albena Masters op"]
[Site "Albena"]
[Date "2012.05.27"]
[Round "2"]
[White "Schiendorfer, Emanuel"]
[Black "Spasov, Vasil"]
[Result "0-1"]
[WhiteElo "2359"]
[BlackElo "2570"]
[PlyCount "78"]
[EventDate "2012.05.26"]
[EventType "swiss"]
[EventRounds "9"]
[EventCountry "BUL"]
[SourceTitle "CBM 148 Extra"]
[Source "ChessBase"]
[SourceDate "2012.06.22"]
[SourceVersion "1"]
[SourceVersionDate "2012.06.22"]
[SourceQuality "1"]

1. d4 Nf6 2. c4 g6 3. Nc3 Bg7 4. e4 d6 5. Nf3 0-0 6. Be2 e5 7. Be3 Ng4 8. Bg5 f6 9. Bh4 g5 10. Bg3 Nh6 11. c5 Nc6 12. cxd6 cxd6 13. dxe5 dxe5 14. Bc4+ Kh8 15. h3 Qe8 16. Qe2 f5 17. exf5 Nxf5 18. 0-0 g4 19. hxg4 Nxg3 20. fxg3 Bxg4 21. Bd5 Nd4 22. Qe4 Qh5 23. Nh4 Qg5 24. Rae1 Rad8 25. Rxf8+ Rxf8 26. Qe3 Qxe3+ 27. Rxe3 b5 28. Nf3 b4 29. Ne2 Rd8 30. Bc4 Bh6 31. Re4 Bxf3 32. gxf3 Nxf3+ 33. Kf2 Nd2 34. Rg4 Rf8+ 35. Kg2 Nf1 36. Kh3 Ne3 37. Re4 Rf1 38. g4 Rf3+ 39. Kh2 Nxc4 0-1

[Event "SUI-chT"]
[Site "Switzerland"]
[Date "2012.04.29"]
[Round "3.2"]
[White "Miralles, Gilles"]
[Black "Schiendorfer, Emanuel"]
[Result "1-0"]
[WhiteElo "2491"]
[BlackElo "2351"]
[PlyCount "65"]
[EventDate "2012.03.18"]
[EventType "team-tourn"]
[EventRounds "9"]
[EventCountry "SUI"]
[SourceTitle "EXT 2013"]
[Source "ChessBase"]
[SourceDate "2012.11.22"]
[SourceVersion "1"]
[SourceVersionDate "2012.11.22"]
[SourceQuality "1"]
[WhiteTeam "Geneve"]
[BlackTeam "Winterthur"]
[WhiteTeamCountry "SUI"]
[BlackTeamCountry "SUI"]

1. d4 d5 2. Nf3 Nf6 3. e3 Bg4 4. Nbd2 e6 5. h3 Bh5 6. g4 Bg6 7. Ne5 Nfd7 8. Nxg6 hxg6 9. e4 Be7 10. Bg2 c6 11. 0-0 Na6 12. c4 Nf6 13. Qb3 Qc7 14. cxd5 cxd5 15. g5 Nh5 16. Nf3 Nb4 17. Bd2 dxe4 18. Ne5 Qc2 19. Bxb4 Qxb3 20. axb3 Bxb4 21. Bxe4 a5 22. Bxb7 Rd8 23. Nc6 Rd5 24. h4 Rb5 25. Ba6 Rb6 26. Nxb4 axb4 27. Bb5+ Ke7 28. Ra7+ Kd8 29. Ra8+ Ke7 30. Rxh8 Rxb5 31. Ra1 Rb7 32. Rha8 Kd6 33. R1a7 1-0

[Event "EU-ch 13th"]
[Site "Plovdiv"]
[Date "2012.03.29"]
[Round "9"]
[White "Schiendorfer, Emanuel"]
[Black "Nigalidze, Gaioz"]
[Result "0-1"]
[WhiteElo "2349"]
[BlackElo "2472"]
[PlyCount "82"]
[EventDate "2012.03.20"]
[EventType "swiss"]
[EventRounds "11"]
[EventCountry "BUL"]
[SourceTitle "CBM 148"]
[Source "ChessBase"]
[SourceDate "2012.05.16"]
[SourceVersion "1"]
[SourceVersionDate "2012.05.16"]
[SourceQuality "1"]

1. d4 Nf6 2. c4 e6 3. Nf3 c5 4. d5 exd5 5. cxd5 d6 6. Nc3 a6 7. a4 g6 8. Bf4 Bg7 9. h3 0-0 10. e3 Ne8 11. Be2 Nd7 12. 0-0 Qe7 13. Nd2 f5 14. Re1 Rb8 15. Qb3 g5 16. Bh2 Kh8 17. Nc4 f4 18. exf4 gxf4 19. Bh5 Ne5 20. Bxe8 Qxe8 21. Nxd6 Qg6 22. Nce4 f3 23. Bg3 fxg2 24. Nxc8 Nf3+ 25. Qxf3 Rxf3 26. Bxb8 Bd4 27. Rad1 Rxh3 28. Ng3 Rxg3 29. Bxg3 Qxg3 30. Re8+ Kg7 31. Re7+ Kf8 32. Rxd4 Qh3 33. Rxh7 Qxh7 34. Rf4+ Kg8 35. Kxg2 Qc7 36. Rg4+ Kf7 37. Na7 Qb8 38. d6 Qxa7 39. d7 Ke7 40. Rg7+ Kd8 41. a5 c4 0-1